000 00705nam a22002057a 4500
999 _c15707
_d15707
003 AR-CdUCM
008 190429b ||||| |||| 00| 0 spa d
040 _aMUNICIPALIDAD PROVINCIAL DEL CUSCO
_cBIBLIOTECA MUNICIPAL DEL CUSCO
082 _a388.985 /
_bP45
110 _aMinisterio de transportes y comunicaciones
_934876
245 _aBoletín estadístico de parque automotor del Cusco /
260 _aCusco :
_c1983.
300 _a44 páginas ;
_bCuadros informativos,
_c20 cm.
505 _aContenido:Parque automotor del Cusco.
650 _aParque automotor del Cusco
_934877
650 _aVehículos motorizados
_934081
650 _aCusco
_9772
942 _2ddc
_cPP
945 _adavv
_d29/04/2019